|
|
|
|
| LEADER |
00669nab a2200181 i 4500 |
| 001 |
misc74293 |
| 005 |
20231121120607.0 |
| 008 |
231121s1988 hu o 000 hun d |
| 040 |
|
|
|a SZTE Miscellanea Repozitórium
|b hun
|
| 041 |
|
|
|a hun
|
| 100 |
1 |
|
|a Szabó Tibor
|
| 245 |
1 |
2 |
|a A Szent-Györgyi Albert Orvostudományi Egyetem története I.rész
|h [elektronikus dokumentum] /
|c Szabó Tibor
|
| 260 |
|
|
|a SZOTE KISZ Biz
|c 1988-02
|
| 300 |
|
|
|a 1-13
|
| 490 |
0 |
|
|a Synapsis: a SZOTE hallgatói lapja
|v 7 No. 1
|
| 561 |
|
|
|a Szent-Györgyi Albertről szóló irodalom
|
| 700 |
0 |
1 |
|a Zallár Andor
|e aut
|
| 856 |
4 |
0 |
|u http://misc.bibl.u-szeged.hu/74293/1/szgya_1988_048.pdf
|z Dokumentum-elérés
|